000 00480cam a22002051 4500
001 sa 68002246
003 DLC
005 20260227112441.0
008 050721s1967 xx 000 0 benr
010 _asa 68002246
040 _aDLC
_cDLC
_dDLC
050 0 0 _aPK1718.G463
_bJ3
100 1 _aGhosal, Panchanan,
_d1905-
245 1 0 _aJāgrata Bhārata.
260 _c[1967]
300 _a219 p.
_c23 cm.
500 _aIn Bengali.
500 _aA novel.
500 _aRomanized.
999 _c78556
_d78556